[Event "FRA-chT U20 0405"]
[Site "Agneaux"]
[Date "2004.12.19"]
[Round "4.5"]
[White "Haffoud, Ismael"]
[Black "Kohi, Camilla"]
[Result "0-1"]
[WhiteElo "1160"]
[BlackElo "1900"]
[PlyCount "100"]
[EventDate "2004.12.16"]
[EventType "team"]
[EventRounds "7"]
[EventCountry "FRA"]
[SourceTitle "EXT 2006"]
[Source "ChessBase"]
[SourceDate "2005.11.24"]
[SourceVersion "1"]
[SourceVersionDate "2005.11.24"]
[SourceQuality "1"]
[WhiteTeam "Niort"]
[BlackTeam "AECE"]
[WhiteTeamCountry "FRA"]
[BlackTeamCountry "FRA"]

1. d4 Nf6 2. Nf3 g6 3. g3 Bg7 4. Bg2 d6 5. 0-0 0-0 6. Bf4 Re8 7. c3 Nd5 8. Qc1 Nxf4 9. Qxf4 Nc6 10. Nbd2 e5 11. dxe5 Nxe5 12. Nxe5 Bxe5 13. Qa4 Bg7 14. e4 Bd7 15. Qc2 Bc6 16. Rfe1 Qd7 17. Rad1 d5 18. exd5 Rxe1+ 19. Rxe1 Bxd5 20. a3 Rd8 21. Nf3 Re8 22. Rd1 Qe6 23. Ng5 Bb3 24. Nxe6 Bxc2 25. Rd2 Rxe6 26. Rxc2 Re1+ 27. Bf1 Bh6 28. Re2 Rxe2 29. Bxe2 Bc1 30. b4 Bxa3 31. Bf3 c6 32. Bg4 f5 33. Bf3 Kf7 34. Be2 Ke6 35. b5 Kd5 36. bxc6 bxc6 37. Bf3+ Kc5 38. Be2 Bb2 39. c4 a5 40. Bd1 Kxc4 41. g4 Kb4 42. gxf5 gxf5 43. Bc2 a4 44. Bxf5 h6 45. Be4 a3 46. Bb1 Kb3 47. f4 a2 48. Bxa2+ Kxa2 49. Kf2 c5 50. Ke2 Kb3 0-1

[Event "FRA-chT U20 0304"]
[Site "France"]
[Date "2004.05.01"]
[Round "9"]
[White "Kohi, Camilla"]
[Black "Sarfati, Johan"]
[Result "1-0"]
[WhiteElo "1520"]
[BlackElo "1470"]
[PlyCount "53"]
[EventDate "2003.11.??"]
[EventType "team"]
[EventRounds "11"]
[EventCountry "FRA"]
[SourceTitle "EXT 2005"]
[Source "ChessBase"]
[SourceDate "2004.11.15"]
[SourceVersion "1"]
[SourceVersionDate "2004.11.15"]
[SourceQuality "1"]
[WhiteTeam "AECE"]
[BlackTeam "Montpellier"]
[WhiteTeamCountry "FRA"]
[BlackTeamCountry "FRA"]

1. e4 e5 2. Nf3 Nc6 3. Bb5 Nf6 4. 0-0 d6 5. Nc3 Be7 6. d4 exd4 7. Nxd4 0-0 8. Nxc6 bxc6 9. Bxc6 Rb8 10. Nd5 Nxd5 11. exd5 Bf6 12. c3 Bd7 13. Qa4 Bxc6 14. Qxc6 Re8 15. Qa4 Re5 16. Qd1 Rb5 17. c4 Rb4 18. b3 Rxd5 19. Qxd5 Bxa1 20. Ba3 Bc3 21. Bxb4 Bxb4 22. Qb5 a5 23. a3 Bxa3 24. Qxa5 Bc5 25. Rd1 Bb6 26. Qa3 h6 27. c5 1-0

[Event "France-ch U12 Girls"]
[Site "Reims"]
[Date "2004.04.23"]
[Round "7"]
[White "Yuen, Wing Yan"]
[Black "Kohi, Camilla"]
[Result "1-0"]
[WhiteElo "1680"]
[BlackElo "1560"]
[PlyCount "121"]
[EventDate "2004.04.??"]
[EventType "swiss"]
[EventRounds "9"]
[EventCountry "FRA"]
[SourceTitle "EXT 2005"]
[Source "ChessBase"]
[SourceDate "2004.11.15"]
[SourceVersion "1"]
[SourceVersionDate "2004.11.15"]
[SourceQuality "1"]

1. e4 e6 2. d4 d5 3. exd5 exd5 4. Be3 Bd6 5. Nc3 c6 6. Nf3 Bg4 7. Be2 Nd7 8. Qd3 Ngf6 9. Bg5 Qc7 10. Qe3+ Be6 11. Qd3 0-0-0 12. a4 h6 13. Bh4 g5 14. Bg3 Nh5 15. Bxd6 Qxd6 16. g3 f5 17. Nd2 Nhf6 18. f3 h5 19. 0-0-0 g4 20. f4 Ne4 21. Ncxe4 dxe4 22. Qc3 Bd5 23. Nc4 Qc7 24. Qa5 Qxa5 25. Nxa5 Nb6 26. b3 h4 27. c3 hxg3 28. hxg3 Rh3 29. Rhg1 Rdh8 30. Nc4 Rh2 31. Rde1 Nxc4 32. bxc4 Be6 33. Kd1 Kc7 34. Ref1 Kb6 35. Ke1 Ka5 36. Rf2 Rh1 37. Kf1 R8h2 38. Rxh2 Rxh2 39. Bd1 Bxc4+ 40. Ke1 Bd3 41. Bb3 Rb2 42. Bd1 Bc2 43. Rg2 Rb1 44. Rxc2 a6 45. c4 Rb3 46. d5 cxd5 47. cxd5 Rd3 48. Rd2 Rxd2 49. Kxd2 Kb6 50. Ke3 Kc5 51. Bxg4 fxg4 52. Kxe4 Kd6 53. a5 b5 54. axb6 a5 55. Kd4 a4 56. Kc4 a3 57. Kb3 a2 58. Kxa2 Kd7 59. Kb3 Kd6 60. Kc4 Kd7 61. Kc5 1-0

[Event "France-ch U12 Girls"]
[Site "Reims"]
[Date "2004.04.20"]
[Round "4"]
[White "Kohi, Camilla"]
[Black "Mallet, Berenice"]
[Result "1-0"]
[WhiteElo "1560"]
[BlackElo "1540"]
[PlyCount "65"]
[EventDate "2004.04.??"]
[EventType "swiss"]
[EventRounds "9"]
[EventCountry "FRA"]
[SourceTitle "EXT 2005"]
[Source "ChessBase"]
[SourceDate "2004.11.15"]
[SourceVersion "1"]
[SourceVersionDate "2004.11.15"]
[SourceQuality "1"]

1. e4 Nc6 2. d4 d5 3. e5 Bf5 4. a3 e6 5. Bb5 Qd7 6. Nc3 Nge7 7. Bg5 Ng6 8. g4 h6 9. gxf5 hxg5 10. fxg6 f6 11. Bxc6 bxc6 12. exf6 gxf6 13. Qd2 Qg7 14. Qe3 Kd7 15. 0-0-0 Bd6 16. Kb1 Qxg6 17. Na4 Rab8 18. Nc5+ Bxc5 19. dxc5 Rb7 20. Qd3 Qh5 21. c4 Rhb8 22. Rd2 Rb3 23. Qe2 Qh6 24. Nf3 Rxa3 25. Nd4 Qh7+ 26. Rc2 e5 27. Qg4+ Ke8 28. Qe6+ Kf8 29. Qxf6+ Kg8 30. Nf5 Qd7 31. Ne7+ Kh7 32. Qg6+ Kh8 33. Qh6# 1-0

[Event "France-ch U12 Girls"]
[Site "Reims"]
[Date "2004.02.22"]
[Round "6"]
[White "Kohi, Camilla"]
[Black "Fajolle, Iris"]
[Result "1-0"]
[WhiteElo "1560"]
[BlackElo "1670"]
[PlyCount "111"]
[EventDate "2004.04.??"]
[EventType "swiss"]
[EventRounds "9"]
[EventCountry "FRA"]
[SourceTitle "EXT 2005"]
[Source "ChessBase"]
[SourceDate "2004.11.15"]
[SourceVersion "1"]
[SourceVersionDate "2004.11.15"]
[SourceQuality "1"]

1. d4 d5 2. c4 e6 3. Nc3 Nf6 4. Bg5 Be7 5. Nf3 b6 6. e3 Bb7 7. Be2 dxc4 8. Bxc4 Nbd7 9. 0-0 h6 10. Bh4 0-0 11. Nd2 c5 12. f4 cxd4 13. exd4 Rc8 14. Bb3 Nd5 15. Bxe7 Qxe7 16. Nxd5 Bxd5 17. Bc2 Nf6 18. b3 Ng4 19. Qxg4 Rxc2 20. Nf3 Bxf3 21. Rxf3 Rd2 22. f5 Qg5 23. Qh3 exf5 24. Rxf5 Qg6 25. Rf4 Rd8 26. Rg4 Qd3 27. Qxh6 Rd1+ 28. Kf2 Qc2+ 29. Kg3 Qd3+ 30. Kh4 g6 31. Rxd1 Qxd1 32. Qe3 Rd5 33. Rxg6+ fxg6 34. Qe6+ Kh7 35. Qxd5 Qe1+ 36. Kh3 Qe3+ 37. Qf3 Qxd4 38. g3 Qd7+ 39. Qg4 Qxg4+ 40. Kxg4 Kg7 41. Kg5 Kf7 42. h4 Kg7 43. h5 gxh5 44. Kxh5 Kh7 45. g4 Kg7 46. Kg5 a6 47. a3 Kf8 48. Kf6 Kg8 49. Kg6 Kf8 50. Kh7 Ke7 51. g5 Kd6 52. g6 Kc5 53. g7 a5 54. g8Q a4 55. Qc4+ Kd6 56. b4 1-0

[Event "FRA-chT U20 0304"]
[Site "France"]
[Date "2004.??.??"]
[Round "7"]
[White "Kohi, Camilla"]
[Black "Lebreton, Flavien"]
[Result "1/2-1/2"]
[WhiteElo "1520"]
[BlackElo "1670"]
[PlyCount "118"]
[EventDate "2003.11.??"]
[EventType "team"]
[EventRounds "11"]
[EventCountry "FRA"]
[SourceTitle "EXT 2005"]
[Source "ChessBase"]
[SourceDate "2004.11.15"]
[SourceVersion "1"]
[SourceVersionDate "2004.11.15"]
[SourceQuality "1"]
[WhiteTeam "AECE"]
[BlackTeam "Sautron"]
[WhiteTeamCountry "FRA"]
[BlackTeamCountry "FRA"]

1. e4 c5 2. Nf3 d6 3. d4 cxd4 4. Nxd4 Nf6 5. Nc3 g6 6. Bc4 Bg7 7. 0-0 0-0 8. f4 Nbd7 9. f5 Ne5 10. Bb3 b6 11. Nf3 Nfd7 12. fxg6 Nxf3+ 13. Rxf3 hxg6 14. Bg5 Ne5 15. Rg3 Be6 16. Bxe6 fxe6 17. Qd2 Bf6 18. Bxf6 exf6 19. Rf1 Qd7 20. Rh3 Rae8 21. b3 Re7 22. Rd1 Rd8 23. a4 a6 24. Qf2 Rf7 25. Qxb6 Qa7 26. Qxa7 Rxa7 27. Ne2 Rc7 28. Nd4 Re7 29. Rc3 Kf7 30. Nc6 Nxc6 31. Rxc6 d5 32. exd5 exd5 33. Kf2 Re5 34. g3 Rde8 35. Rd2 R8e6 36. Rxe6 Kxe6 37. Re2 Kd6 38. Rxe5 fxe5 39. Ke3 Kc5 40. h4 Kb4 41. g4 Kc3 42. h5 gxh5 43. gxh5 d4+ 44. Ke4 Kxc2 45. h6 d3 46. h7 d2 47. h8Q d1Q 48. Qxe5 Qe2+ 49. Kd4 Qxe5+ 50. Kxe5 Kxb3 51. Kd4 Kxa4 52. Kc4 Ka3 53. Kc3 a5 54. Kc2 a4 55. Kc3 Ka2 56. Kc2 a3 57. Kc1 Kb3 58. Kb1 a2+ 59. Ka1 Ka3 1/2-1/2